| 000 | 01064nam a22003131c 4500 | ||
|---|---|---|---|
| 001 | a987695001 | ||
| 008 | 200918s2019 gw |||| 000u ger d | ||
| 020 |
_a9783848749157 _a978-3-8452-9128-4 _9978-3-8487-4915-7 |
||
| 041 | _ager | ||
| 245 | 0 | 0 |
_aÜberzeugungen, Wandlungen und Zuschreibungen : _bdas Staatsverständnis Otto von Bismarcks / _cUlrich Lappenküper, Ulf Morgenstern (Hrsg.) |
| 250 | _a1. Auflage | ||
| 264 |
_aBaden-Baden : _bNomos, _c2019 |
||
| 300 | _a257 Seiten | ||
| 336 |
_aText _btxt _2rdacontent |
||
| 337 |
_aComputermedien _bc _2rdamedia |
||
| 338 |
_aOnline-Ressource _bcr _2rdacarrier |
||
| 500 | _aE-Book-Nomos eLibrary / Zugriff nur im DHI-Lesesaal | ||
| 600 | 0 | _aBismarck, Otto von | |
| 650 | 0 | _aPolitisches Denken | |
| 650 | 0 | _aPolitik | |
| 655 | 0 | _aAufsatzsammlung | |
| 700 | 1 |
_aLappenküper, Ulrich _eHerausgeberIn |
|
| 700 | 1 |
_aMorgenstern, Ulf _eHerausgeberIn |
|
| 856 | 4 | _uhttps://doi.org/10.5771/9783845291284 | |
| 942 | _cEB | ||
| 040 | _cRU-10907106 | ||
| 003 | RU-10907106 | ||
| 999 |
_c31752 _d31752 |
||
| 490 | 0 |
_aStaatsverständnisse _v130 |
|